| LEADER 00000nam 2200000uu 4500 |
| 001 13399112757 |
| 003 BCNR |
| 008 110627s2006||||th 000 0 eng d |
| 020 078174234X
|
| 035 TH002998060
|
| 060 4 WB537^bS829 2006
|
| 100 1 Stephens, Ralph,^d1948-
|
| 245 10 Therapeutic chair massage /^cRalph R. Stephens.
|
| 260 Philadelphia :^bLippincott Williams & Wilkins,^c2006.
|
| 300 xvi, 272 p. :^bill
|
| 504 Includes bibliographical references and index.
|
| 505 0 Introduction to seated massage -- Equipment considerations-- Sanitation, personal hygiene, and safety -- Contraindications to seated massage -- Communication, assessment, documentation, and treatment plans -- Body mechanics and injury prevention -- Strokes -- Stretching techniques -- Relaxation routine -- Therapeutic routine for the back and neck -- Therapeutic routine for the forearm, wrist, and hand -- Therapeutic routine for the shoulder -- The business of chair massage.
|
| 650 0 Massage therapy.
|
| 650 0 Chairs.
|
| 650 0 Massage therapy^xEquipment and supplies.
|
| 999 ^aบรรณารักษ์
|